000
00325 a2200145 4500
001
180444
020
_a
040
_c
Magnum
100
_a
Pillar, Analia Dutra
240
1
0
_a
Fazendo artes na alfabetizacao
_l
por
245
1
0
_a
Fazendo artes na alfabetizacao
362
0
_a
1899
697
_a
MAGNITO: ENSINO
942
_c
BK
999
_c
180444
_d
180444